A course module for understanding the self / Eden Joy Alata, Roseanne Cabrera, R. A. Pawilen. (Record no. 20570)
| 000 -LEADER | |
|---|---|
| fixed length control field | 00583nam a22001817a 4500 |
| 020 ## - INTERNATIONAL STANDARD BOOK NUMBER | |
| ISBN | 9786210421699 |
| 082 ## - DEWEY DECIMAL CLASSIFICATION NUMBER | |
| Classification number | 155.2 |
| Item number | Al3239 2021 |
| 100 ## - MAIN ENTRY--AUTHOR NAME | |
| Personal name | Alata, Eden Joy, author. |
| 245 ## - TITLE STATEMENT | |
| Title | A course module for understanding the self / Eden Joy Alata, Roseanne Cabrera, R. A. Pawilen. |
| 260 ## - PUBLICATION, DISTRIBUTION, ETC. (IMPRINT) | |
| Place of publication | Manila : |
| Name of publisher | Rex Book Store, |
| Year of publication | ©2021. |
| 300 ## - PHYSICAL DESCRIPTION | |
| Number of Pages | vi, 187 pages : |
| Other physical details | illustrations ; 26 cm. |
| 500 ## - GENERAL NOTE | |
| General note | Includes bibliographical references and index. |
| 650 ## - SUBJECT ADDED ENTRY--TOPICAL TERM | |
| Topical Term | Self. |
| 650 ## - SUBJECT ADDED ENTRY--TOPICAL TERM | |
| Topical Term | Social psychology. |
| 700 ## - ADDED ENTRY--PERSONAL NAME | |
| Personal name | Cabrera, Roseanne. |
| 700 ## - ADDED ENTRY--PERSONAL NAME | |
| Personal name | Pawilen, R. A. |
| 942 ## - ADDED ENTRY ELEMENTS (KOHA) | |
| Koha item type | Books |
| Source of acquisition | Permanent Location | Date acquired | Koha item type | Collection code | Accession Number | Lost status | Shelving location | Withdrawn status | Current Location | Full call number |
|---|---|---|---|---|---|---|---|---|---|---|
| School | Cagayan State University - Carig Library | 2025-05-21 | Books | Philosophy & Psychology | 010797 | General Collection | Cagayan State University - Carig Library | 155.2 Al3239 2021 | ||
| School | Cagayan State University - Carig Library | 2025-05-21 | Books | Philosophy & Psychology | 010798 | General Collection | Cagayan State University - Carig Library | 155.2 Al3239 2021 | ||
| School | Cagayan State University - Carig Library | 2025-05-21 | Books | Philosophy & Psychology | 010799 | General Collection | Cagayan State University - Carig Library | 155.2 Al3239 2021 |